LEADER 01032nam0-2200337---450- 001 990010086760403321 005 20160705151428.0 010 $a0-7131-6508-1 035 $a001008676 035 $aFED01001008676 035 $a(Aleph)001008676FED01 035 $a001008676 100 $a20160705d1991----km-y0itay50------ba 101 0 $aeng 102 $aGB 105 $aa-------001yy 200 1 $aEnglish accents and dialects$ean introduction to social and regional varieties of british english$fArthur Hughes and Peter Trudgill 205 $a2nd ed. Repr. 210 $aLondon$cArnold$d1991 215 $aX, 90 p.$cill.$d22 cm 610 0 $aLingua inglese$aDialetti 676 $a427$v22$zita 700 1$aHughes,$bArthur Frederick William$f<1908- >$063992 702 1$aTrudgill,$bPeter$f<1943- > 801 0$aIT$bUNINA$gRICA$2UNIMARC 901 $aBK 912 $a990010086760403321 952 $a427 HUG 1A$bDip.f.m.5415$fFLFBC 959 $aFLFBC 996 $aEnglish accents and dialects$9531646 997 $aUNINA LEADER 01546nam 2200313Ia 450 001 996389534603316 005 20200824132625.0 035 $a(CKB)4940000000095673 035 $a(EEBO)2264213890 035 $a(OCoLC)ocm8185417e 035 $a(OCoLC)8185417 035 $a(EXLCZ)994940000000095673 100 $a19820223d1642 uy | 101 0 $aeng 135 $aurbn||||a|bb| 200 12$aA plea for defensive arms, or, A copy of a letter written by Mr. Stephen Marshall to a friend of his in the city$b[electronic resource] $efor the necessary vindication of himself and his ministerie against that altogether groundlesse ... aspersion cast upon him by certain malignants in the city, and lately printed at Oxford, in their Mendacium aulicum, otherwise called Mercurius aulicus ... in which letter the accusation is fully answered, and ... the lawfulnesse of the Parliament taking up defensive arms is briefly, and learnedly asserted and demonstrated .. 210 $aLondon $cPrinted for Samuel Gellibrand$d1642 215 $a30 p 300 $aReproduction of original in the Union Theological Seminary Library, New York. 330 $aeebo-0160 607 $aGreat Britain$xPolitics and government$y1625-1649 700 $aMarshall$b Stephen$f1594?-1655.$01001459 801 0$bEEU 801 1$bEEU 801 2$bWaOLN 906 $aBOOK 912 $a996389534603316 996 $aA plea for defensive arms, or, A copy of a letter written by Mr. Stephen Marshall to a friend of his in the city$92363564 997 $aUNISA